[Event "AUTO-INT-1215"]
[Site "http://www.queenalice.com/game.php?id=544957"]
[Date "2009.2.22"]
[Round "1"]
[White "kanibal"]
[Black "MarcosMasliaev"]
[Result "0-1"]
[WhiteElo "1469"]
[BlackElo "1495"]

1. d4 d5 2. Nf3 Nc6 3. e3 e6 4. Bb5 Bd7 5. Bxc6 Bxc6 6. O-O Bb5 7. Re1 Nf6 8. a4
Bc6 9. Nc3 Bb4 10. Bd2 Bxc3 11. Bxc3 O-O 12. b4 b5 13. a5 a6 14. Ne5 Nd7 15.
Nxc6 Qe8 16. Ne5 f6 17. Nxd7 Qxd7 18. Qg4 Qc6 19. Ra3 Qd6 20. e4 Rae8 21. f4 f5
22. e5 Qd7 23. Qh5 Rb8 24. g4 c5 25. g5 g6 26. Qh4 c4 27. Re3 Rf7 28. Qg3 Rc8
29. h4 Rc7 30. Qh3 Qe8 31. h5 Qf8 32. hxg6 hxg6 33. Kf2 Rh7 34. Qg2 Qg7 35. Rh3
Rxh3 36. Qxh3 Qf8 37. Ra1 Rh7 38. Qg3 Rh5 39. Rg1 Qg7 40. Rg2 Qh7 41. Be1 Rh3
42. Kg1 Rxg3 43. Rxg3 Qh5 44. Kg2 Qe2+ 45. Bf2 Qxc2 46. Rh3 Kg7 47. Re3 Qb2 48.
Kg3 Qxb4 49. Be1 Qb1 50. Kf3 b4 51. Kf2 b3 52. Bb4 b2 53. Re1 Qa2 54. Bc3 b1=Q+
55. Kf1 Qbc2 0-1

[Event "AUTO-INT-1075"]
[Site "http://www.queenalice.com/game.php?id=569840"]
[Date "2009.4.10"]
[Round "2"]
[White "MarcosMasliaev"]
[Black "Poirot"]
[Result "0-1"]
[WhiteElo "1481"]
[BlackElo "1827"]

1. d4 Nf6 2. Bg5 Ne4 3. h4 c5 4. f3 Nxg5 5. hxg5 cxd4 6. Qxd4 Nc6 7. Qc3 d5 8.
Qd3 e5 9. Nc3 d4 10. Ne4 Qb6 11. O-O-O Be6 12. b3 Nb4 13. Qd2 Nxa2+ 14. Kb2 Qa6
15. Ra1 Qa3+ 16. Kb1 Bxb3 17. Qa5 Qc1# 0-1

[Event "Challenge"]
[Site "http://www.queenalice.com/game.php?id=615002"]
[Date "2009.7.8"]
[Round "-"]
[White "vilmar357"]
[Black "MarcosMasliaev"]
[Result "0-1"]
[WhiteElo "1595"]
[BlackElo "1550"]

1. e4 e5 2. Nf3 d6 3. Nc3 Nc6 4. Bc4 Be6 5. Nd5 Bxd5 6. Bxd5 Nf6 7. Bb3 Be7 8.
O-O O-O 9. Ng5 d5 10. d3 Nd7 11. Bxd5 Bxg5 12. Bxg5 Qxg5 13. a3 Rab8 14. b4 Ne7
15. Bb3 Ng6 16. g3 Ne7 17. h4 Qf6 18. Kg2 Nc6 19. c3 a5 20. Rh1 g6 21. Rf1 Rbd8
22. Rh1 axb4 23. axb4 Ndb8 24. b5 Ne7 25. Qd2 c6 26. b6 Nc8 27. Qe3 Nd7 28. c4
c5 29. Ba4 Ncxb6 30. Bxd7 Rxd7 31. Qxc5 Rxd3 32. Rhd1 Qf3+ 33. Kh3 Nd7 34. Rxd3
Qxd3 35. Qd5 Qxd5 36. cxd5 Rc8 37. Ra7 Nc5 38. d6 Rd8 39. Ra5 Nxe4 40. Rxe5 Nxd6
41. g4 b5 42. Rd5 b4 43. Rd3 Kf8 44. f4 Ke7 45. Re3+ Kd7 46. Rd3 Rb8 47. f5 b3
48. fxg6 fxg6 0-1

[Event "AUTO-OPEN-1627"]
[Site "http://www.queenalice.com/game.php?id=621317"]
[Date "2009.7.19"]
[Round "1"]
[White "MarcosMasliaev"]
[Black "Givanildo"]
[Result "1-0"]
[WhiteElo "1532"]
[BlackElo "1473"]

1. d4 d5 2. Nf3 f6 3. Nc3 c6 4. Be3 Na6 5. Qd2 e5 6. dxe5 f5 7. g3 Bb4 8. Bg5
Qd7 9. e3 h6 10. e6 Qd6 11. Bh3 Bxe6 12. Bf4 Qc5 13. a3 Bxc3 14. bxc3 b5 15. O-O
Nf6 16. Nd4 Ne4 17. Qd3 Nxc3 18. Nxe6 Qc4 19. Qxf5 Ne2+ 20. Kh1 Qe4+ 21. f3 Qxf5
22. Bxf5 g5 23. Be5 Rg8 24. Rfe1 d4 25. Rxe2 g4 26. Bxg4 d3 27. cxd3 Ke7 28. Rc1
Rac8 29. Nd4 c5 30. Bxc8 cxd4 31. Bxa6 Ke6 32. Bxd4 h5 33. Rec2 h4 34. Rc6+ Kf5
35. R1c5# 1-0

[Event "AUTO-OPEN-1627"]
[Site "http://www.queenalice.com/game.php?id=621318"]
[Date "2009.7.19"]
[Round "1"]
[White "Givanildo"]
[Black "MarcosMasliaev"]
[Result "0-1"]
[WhiteElo "1497"]
[BlackElo "1517"]

1. e3 d5 2. d4 Nf6 3. f3 Nc6 4. Bb5 Bd7 5. Bxc6 Bxc6 6. Nc3 e6 7. e4 Bb4 8. Bg5
Bxc3+ 9. bxc3 dxe4 10. fxe4 Bxe4 11. Qe2 Qd5 12. O-O-O h6 13. Bxf6 gxf6 14. h4
Bxg2 15. Rh2 Be4 16. Nh3 O-O-O 17. Nf4 Qf5 18. Rf2 Rhg8 19. Ng2 Qd5 20. Nf4 Qc6
21. c4 Bh7 22. Qxe6+ fxe6 23. d5 Qxc4 24. Nxe6 Rxd5 25. Nf4 Rxd1+ 26. Kxd1 Rd8+
27. Kc1 Qxa2 28. Ne6 Qa3+ 29. Kb1 Rd1# 0-1

[Event "AUTO-OPEN-1627"]
[Site "http://www.queenalice.com/game.php?id=621319"]
[Date "2009.7.19"]
[Round "1"]
[White "MarcosMasliaev"]
[Black "Setsuna_Kyelf"]
[Result "0-1"]
[WhiteElo "1546"]
[BlackElo "1501"]

1. d4 d5 2. e3 Nf6 3. Nc3 e6 4. Bd3 Be7 5. Nf3 O-O 6. O-O b6 7. e4 dxe4 8. Nxe4
Bb7 9. Nxf6+ Bxf6 10. c3 Nd7 11. b3 e5 12. a4 e4 13. Bxe4 Bxe4 14. Qe2 Re8 15.
Nd2 Bxg2 16. Kxg2 Rxe2 17. Nf3 Rc2 18. c4 c5 19. dxc5 Bxa1 20. Bg5 Bf6 21. Bxf6
Qxf6 22. Re1 Rc3 0-1

[Event "AUTO-OPEN-1627"]
[Site "http://www.queenalice.com/game.php?id=621320"]
[Date "2009.7.19"]
[Round "1"]
[White "Setsuna_Kyelf"]
[Black "MarcosMasliaev"]
[Result "1-0"]
[WhiteElo "1553"]
[BlackElo "1546"]

1. e4 e5 2. Nf3 d6 3. d4 f6 4. dxe5 fxe5 5. Bc4 Nf6 6. Nc3 Nc6 7. Ng5 d5 8. exd5
Nb4 9. a3 Na6 10. Bb5+ c6 11. dxc6 bxc6 12. Bxc6+ Bd7 13. Ne6 Qe7 14. Bxa8 Qxe6
15. Bg5 Be7 16. Bxf6 Qxf6 17. Nd5 Qe6 18. Nxe7 Qxe7 19. Bd5 g6 20. O-O Rf8 21.
Qe2 Nc7 22. Bc4 Bf5 23. Rad1 Rf6 24. Rd2 h5 25. Rfd1 1-0

[Event "AUTO-INT-1383"]
[Site "http://www.queenalice.com/game.php?id=621371"]
[Date "2009.7.19"]
[Round "1"]
[White "daga2008"]
[Black "MarcosMasliaev"]
[Result "0-1"]
[WhiteElo "1569"]
[BlackElo "1533"]

1. e4 e5 2. Nf3 Nc6 3. c3 Nf6 4. Bd3 d6 5. b4 Bg4 6. h3 Bxf3 7. gxf3 Be7 8. Bb5
a6 9. Bxc6+ bxc6 10. Ba3 O-O 11. Rg1 a5 12. bxa5 Rxa5 13. Bb4 Ra6 14. Qe2 Qa8
15. Na3 c5 16. Qf1 cxb4 17. Nc2 Rxa2 18. Rc1 bxc3 19. dxc3 Qa5 20. Qc4 Ra4 21.
Qd3 Nd7 22. Rg3 Nb6 23. f4 Rc4 24. Ne3 Ra4 25. fxe5 dxe5 26. Nf5 Bf6 27. Qf3 g6
28. Nh6+ Kg7 29. Ng4 Nd7 30. Rg2 Ra1 31. Rxa1 Qxa1+ 32. Ke2 Rb8 33. Qe3 Rb2+ 34.
Kf3 Rb3 35. Qh6+ Kg8 36. Ne3 Qxc3 37. Rg3 Bg7 38. Qg5 Bf6 39. Qh6 Nc5 40. h4 Qb4
41. Kg2 Nxe4 42. Rh3 Nd2 43. h5 Qe4+ 44. Kh2 Nf3+ 45. Kh1 Rb1+ 46. Kg2 Rg1# 0-1

[Event "AUTO-INT-1383"]
[Site "http://www.queenalice.com/game.php?id=621372"]
[Date "2009.7.19"]
[Round "1"]
[White "MarcosMasliaev"]
[Black "daga2008"]
[Result "0-1"]
[WhiteElo "1546"]
[BlackElo "1611"]

1. d4 d5 2. Nf3 f6 3. Nc3 a6 4. e3 e6 5. Bd3 Nh6 6. O-O g5 7. h3 Nc6 8. Na4 b5
9. Nc3 b4 10. Na4 Bb7 11. c3 bxc3 12. Nxc3 Bg7 13. Qc2 Nb4 14. a3 Nxc2 15. Bxc2
O-O 16. b4 Bc6 17. a4 e5 18. dxe5 fxe5 19. e4 dxe4 20. Nxe4 Bxe4 21. Bxe4 Rb8
22. Bd2 Rf6 23. Rad1 Nf7 24. Bc3 Qe8 25. Bxe5 Nxe5 26. Nxe5 Qxe5 27. Rfe1 Qc3
28. Rb1 Rxb4 29. Rbc1 Qd2 30. Rcd1 Qxf2+ 31. Kh2 Qf4+ 32. Kg1 Rxe4 33. Rf1 Qg3
0-1

[Event "AUTO-INT-1383"]
[Site "http://www.queenalice.com/game.php?id=621389"]
[Date "2009.7.19"]
[Round "1"]
[White "MarcosMasliaev"]
[Black "Clovisto"]
[Result "0-1"]
[WhiteElo "1546"]
[BlackElo "1439"]

1. d4 e6 2. Nf3 h6 3. e3 Nf6 4. Nc3 Bb4 5. a3 Bxc3+ 6. bxc3 Ne4 7. Bd3 Nxc3 8.
Qd2 Nd5 9. e4 Nb6 10. O-O a5 11. Ne5 d6 12. Nf3 g5 13. h3 e5 14. dxe5 g4 15.
hxg4 Bxg4 16. Nh2 h5 17. f3 Qh4 18. Qe1 Qxe1 19. Rxe1 Be6 20. Bb2 Rg8 21. exd6
cxd6 22. Bb5+ Nc6 23. Red1 O-O-O 24. Rd2 Ne5 25. Rad1 Nbc4 26. Bxc4 Nxc4 27. Bf6
Nxd2 28. Bxd8 Nc4 29. Bf6 Bh3 30. g4 Nxa3 31. Rd2 hxg4 32. fxg4 Bxg4 33. Nxg4
Rxg4+ 34. Rg2 Rxg2+ 35. Kxg2 Nxc2 36. Kf2 b5 0-1

[Event "AUTO-INT-1383"]
[Site "http://www.queenalice.com/game.php?id=621390"]
[Date "2009.7.19"]
[Round "1"]
[White "Clovisto"]
[Black "MarcosMasliaev"]
[Result "1-0"]
[WhiteElo "1333"]
[BlackElo "1546"]

1. e4 e5 2. Bc4 Nf6 3. d3 d6 4. Nf3 a6 5. Ng5 d5 6. exd5 Nxd5 7. Nc3 c6 8. Nce4
f6 9. Bxd5 Qxd5 10. Qh5+ g6 11. Nxf6+ Ke7 12. Nxd5+ cxd5 13. Qh4 h6 14. Ne4+ g5
15. Nxg5 Bg7 16. Ne4+ Kf8 17. Qd8+ 1-0

[Event "AUTO-INT-1383"]
[Site "http://www.queenalice.com/game.php?id=621391"]
[Date "2009.7.19"]
[Round "1"]
[White "MarcosMasliaev"]
[Black "andre_ramos"]
[Result "0-1"]
[WhiteElo "1526"]
[BlackElo "1699"]

1. d4 Nf6 2. Nf3 d5 3. e3 Bg4 4. Nc3 Nbd7 5. h3 Bxf3 6. Qxf3 e6 7. Bd2 c5 8.
O-O-O cxd4 9. exd4 Rc8 10. Bb5 a6 11. Bxd7+ Qxd7 12. Bg5 Be7 13. Bxf6 Bxf6 14.
g4 b5 15. b3 a5 16. h4 Qc6 17. Rd3 b4 18. Ne2 Qxc2# 0-1

[Event "AUTO-INT-1383"]
[Site "http://www.queenalice.com/game.php?id=621392"]
[Date "2009.7.19"]
[Round "1"]
[White "andre_ramos"]
[Black "MarcosMasliaev"]
[Result "1-0"]
[WhiteElo "1729"]
[BlackElo "1525"]

1. e4 e5 2. Nf3 Nc6 3. Bb5 Nf6 4. O-O Bc5 5. Nxe5 Nxe5 6. d4 Bd6 7. dxe5 Bxe5 8.
c3 O-O 9. f4 c6 10. fxe5 Nxe4 11. Bd3 Nc5 12. Bc4 d5 13. exd6 Re8 14. Bxf7+ Kh8
15. Bxe8 Qxe8 16. Qf3 Kg8 17. Be3 Ne6 18. Nd2 a5 19. Nc4 a4 20. Nb6 Ra5 21. d7
Bxd7 22. Nxd7 Qxd7 23. Rad1 Qe7 24. Bb6 Ra8 25. Qe4 Re8 26. Rfe1 Qf7 27. Rd6 Ng5
28. Qxe8+ Qxe8 29. Rxe8+ Kf7 30. Rb8 Ke7 31. Bc5 Ne4 32. Rxb7+ 1-0